000 00415nam a22001577a 4500
999 _c17685
_d17685
003 OSt
005 20221205150940.0
008 221205b ||||| |||| 00| 0 eng d
040 _c0
100 _aReyes, Dempsey.
_946948
245 _aLGUs must vax 80% of seniors /
260 _aPhilippines;
_bPhilippine Daily Inquirer,
_cFebruary 24, 2022.
300 _apage A3.
650 _aHealth.
_946949
942 _2ddc
_cPER